[Event "25th Czech Open A 2014"]
[Site "Pardubice CZE"]
[Date "2014.07.26"]
[Round "9.70"]
[White "Tomazini, Aljosa"]
[Black "Muter, Donny"]
[Result "1/2-1/2"]
[WhiteTitle "FM"]
[WhiteElo "2283"]
[BlackElo "2181"]
[WhiteFideId "14608154"]
[BlackFideId "409170"]
[EventDate "2014.07.18"]

1. d4 Nf6 2. Nf3 e6 3. c4 d5 4. Nc3 Be7 5. Bf4 O-O 6. e3 Nbd7 7. c5 Nh5 8. Bd3
Nxf4 9. exf4 b6 10. b4 a5 11. a3 c6 12. O-O Qc7 13. g3 Ba6 14. Re1 Bxd3 15. Qxd3
Bf6 16. Ne5 Bxe5 17. fxe5 axb4 18. axb4 Qb7 19. Ne2 Rxa1 20. Rxa1 Ra8 21. Qc3 1/2-1/2

[Event "25th Czech Open A 2014"]
[Site "Pardubice CZE"]
[Date "2014.07.26"]
[Round "9.71"]
[White "Priasmoro, Novendra"]
[Black "Klecker, Tadeas"]
[Result "1/2-1/2"]
[WhiteElo "2282"]
[BlackElo "2167"]
[WhiteFideId "7105029"]
[BlackFideId "326950"]
[EventDate "2014.07.18"]

1. e4 e5 2. Nf3 Nc6 3. Bb5 a6 4. Bxc6 dxc6 5. O-O f6 6. d4 exd4 7. Nxd4 c5 8.
Ne2 Qxd1 9. Rxd1 Bd7 10. Nbc3 O-O-O 11. Be3 Re8 12. Rd2 Bc6 13. Rad1 b6 14. Nf4
Bd6 15. Nfd5 Kb7 16. f3 Ne7 17. Nxe7 Rxe7 18. Nd5 Ree8 19. Bf2 h5 20. Bg3 Bxg3
21. hxg3 f5 22. exf5 Rhf8 23. f6 g6 24. Kf2 Bxd5 25. Rxd5 Rxf6 26. Re1 Rxe1 27.
Kxe1 Kc6 28. Rg5 Kd6 29. g4 hxg4 30. Rxg4 Ke6 31. Rh4 Rf7 32. Re4+ Kf5 33. c4
Rd7 34. b3 Kf6 35. Ke2 Rd8 36. Rf4+ Kg7 37. a4 a5 38. Re4 Kf6 39. Re3 Rd7 40. f4
Rd4 41. Kf3 Rd1 42. Kg4 Rd2 43. g3 Rd1 44. Re8 Rd3 45. Rc8 Rd7 46. Rf8+ Ke7 47.
Rg8 Kf6 48. Rc8 Re7 49. Rd8 Rh7 50. Kf3 Re7 51. g4 Kg7 52. f5 gxf5 53. gxf5 Kf6
54. Kf4 Re1 55. Rf8+ Ke7 56. Rh8 Rf1+ 57. Ke5 Re1+ 58. Kf4 Rf1+ 59. Ke4 Re1+ 60.
Kd3 Rf1 61. Rh7+ Kf6 62. Rxc7 Rd1+ 63. Ke4 Rd4+ 64. Ke3 Rd6 65. Rh7 Kxf5 66.
Rh5+ Kg6 67. Rd5 Re6+ 68. Kf4 Kf6 69. Rf5+ Kg6 70. Re5 Rd6 71. Re8 Kf6 72. Rf8+
Ke6 73. Ke4 1/2-1/2

[Event "25th Czech Open A 2014"]
[Site "Pardubice CZE"]
[Date "2014.07.26"]
[Round "9.72"]
[White "Seegert, Kristian"]
[Black "Schulz, Karsten"]
[Result "1-0"]
[BlackTitle "FM"]
[WhiteElo "2178"]
[BlackElo "2276"]
[WhiteFideId "1405098"]
[BlackFideId "4611446"]
[EventDate "2014.07.18"]

1. e4 g6 2. d4 Bg7 3. Nc3 d6 4. Be3 a6 5. Qd2 b5 6. f3 Nd7 7. O-O-O Bb7 8. h4 h5
9. Nh3 c5 10. dxc5 dxc5 11. Ng5 Bc6 12. Bxc5 Qa5 13. Bd4 e5 14. Be3 Ngf6 15. Kb1
O-O 16. g4 b4 17. Nd5 Bxd5 18. exd5 Nb6 19. Bxb6 Qxb6 20. Ne4 Rfd8 21. Bc4 Rac8
22. Bb3 hxg4 23. d6 Nxe4 24. fxe4 Rc6 25. Rdf1 Rcxd6 26. Bxf7+ Kh8 27. h5 Rxd2
28. hxg6+ Bh6 29. Rxh6+ Kg7 30. Rh7+ Kf8 31. Bd5+ Ke8 32. g7 Qg6 33. Rf8+ 1-0

[Event "25th Czech Open A 2014"]
[Site "Pardubice CZE"]
[Date "2014.07.26"]
[Round "9.73"]
[White "Pagerka, Martin"]
[Black "Kozusek, Daniel"]
[Result "1-0"]
[WhiteElo "2265"]
[BlackElo "2083"]
[WhiteFideId "14911230"]
[BlackFideId "349500"]
[EventDate "2014.07.18"]

1. e4 e6 2. d4 d5 3. Nc3 Bb4 4. e5 c5 5. a3 Bxc3+ 6. bxc3 Ne7 7. Nf3 b6 8. Bb5+
Bd7 9. Bd3 c4 10. Be2 Ba4 11. h4 Nbc6 12. h5 h6 13. g4 Kd7 14. Bf4 Qg8 15. Qd2
Qh7 16. Rc1 f6 17. exf6 gxf6 18. Bg3 Qe4 19. O-O Raf8 20. Nh4 Rhg8 21. Bf3 Qh7
22. Rfe1 Qf7 23. Qf4 1-0

[Event "25th Czech Open A 2014"]
[Site "Pardubice CZE"]
[Date "2014.07.26"]
[Round "9.74"]
[White "Sanders, Isaac B"]
[Black "Zhalmakhanov, Ramazan"]
[Result "1-0"]
[WhiteElo "2262"]
[BlackElo "2072"]
[WhiteFideId "417661"]
[BlackFideId "13706357"]
[EventDate "2014.07.18"]

1. Nf3 Nf6 2. c4 e6 3. b3 d5 4. Bb2 c6 5. g3 Bd6 6. Bg2 O-O 7. O-O Nbd7 8. Nc3
Qe7 9. Rc1 a6 10. d4 b5 11. Nd2 b4 12. Na4 Bb7 13. e4 dxe4 14. Nxe4 Nxe4 15.
Bxe4 Rfd8 16. Qe2 e5 17. c5 Bb8 18. f4 exf4 19. Bxh7+ Kf8 20. Qxe7+ Kxe7 21. d5
Kf8 22. d6 fxg3 23. hxg3 Ba7 24. Bg6 f6 25. Bd4 Kg8 26. Rce1 Nf8 27. Re7 Nxg6
28. Rxb7 Rdb8 29. Rc7 Rc8 30. Nb6 Bxb6 31. cxb6 1-0

[Event "25th Czech Open A 2014"]
[Site "Pardubice CZE"]
[Date "2014.07.26"]
[Round "9.75"]
[White "Pischikov, Vadim"]
[Black "Nguyen, Thai Dai Van"]
[Result "1/2-1/2"]
[BlackTitle "CM"]
[WhiteElo "2130"]
[BlackElo "2261"]
[WhiteFideId "4100280"]
[BlackFideId "358878"]
[EventDate "2014.07.18"]

1. d4 Nf6 2. c4 g6 3. Nc3 d5 4. Nf3 Bg7 5. Qb3 dxc4 6. Qxc4 O-O 7. e4 Nc6 8. Bf4
Nh5 9. Be3 Bg4 10. Rd1 Bxf3 11. gxf3 e5 12. dxe5 Qh4 13. Bg2 Nxe5 14. Qe2 c6 15.
O-O Nf4 16. Bxf4 Qxf4 17. Rfe1 h5 18. Nb1 Rfe8 19. Qe3 Qxe3 20. fxe3 Rad8 21.
Rxd8 Rxd8 22. b3 Bf8 23. f4 Ng4 24. Bf3 Nxe3 25. Kf2 Bc5 26. Kg3 Rd3 27. Rc1 Bb6
28. Rc3 Rxc3 29. Nxc3 Nf1+ 30. Kh3 Nd2 31. Bg2 Bd4 32. Ne2 Bf2 33. e5 Kf8 34.
Nc3 Be3 35. Kg3 Ke7 36. Ne4 Nxe4+ 37. Bxe4 Ke6 38. Kf3 Bc1 39. Bd3 Ke7 40. h3
Bd2 41. Ke4 f5+ 42. exf6+ Kxf6 43. Be2 Bc1 44. a4 Bd2 45. Bc4 a6 46. Bd3 b5 47.
axb5 axb5 48. Be2 Bc1 49. Bf3 Ke6 50. Kd4 Bxf4 51. Bxc6 b4 52. Ke4 Bd2 53. Bd5+
Kf6 54. Kf3 Kf5 55. Be4+ Kf6 56. Bd5 g5 1/2-1/2

[Event "25th Czech Open A 2014"]
[Site "Pardubice CZE"]
[Date "2014.07.26"]
[Round "9.76"]
[White "Grekh, Andrey"]
[Black "Pershin, Denis"]
[Result "0-1"]
[WhiteTitle "IM"]
[WhiteElo "2396"]
[BlackElo "2171"]
[WhiteFideId "14112418"]
[BlackFideId "24165506"]
[EventDate "2014.07.18"]

1. e4 c5 2. c3 d5 3. exd5 Qxd5 4. d4 Nf6 5. Nf3 Bg4 6. Be2 e6 7. O-O Nc6 8. h3
Bh5 9. Be3 cxd4 10. cxd4 Be7 11. Nc3 Qd6 12. Qb3 Qb4 13. Qxb4 Bxb4 14. g4 Bg6
15. Ne5 Ke7 16. f4 Rhd8 17. Bf3 Nxe5 18. dxe5 Bxc3 19. Bc5+ Ke8 20. Bxb7 Nd7 21.
Bxa8 Rxa8 22. bxc3 Nxc5 23. f5 exf5 24. gxf5 Bh5 25. Rab1 Be2 26. Rf4 Ba6 27.
Rh4 Bd3 28. Rxh7 Ke7 29. Rb2 Bxf5 30. Rh4 Ne4 31. Rb4 Rc8 32. Rhxe4 Bxe4 33.
Rxe4 Rxc3 34. Ra4 Rxh3 35. Rxa7+ Ke6 36. Kf2 Rd3 37. a4 Rd5 38. Ra6+ Kxe5 39. a5
g5 40. Ke3 Rd1 41. Rb6 Rd5 42. Ra6 Kf5 43. Ra8 Kg4 44. Ke4 Rb5 45. Kd4 f5 46.
Kc4 Rb1 47. a6 Ra1 48. a7 f4 49. Kd3 Ra2 50. Kc4 Ra3 51. Kd4 Kf3 52. Rg8 Rxa7
53. Rxg5 Rd7+ 54. Kc3 Ke2 55. Re5+ Kf2 56. Rf5 f3 57. Rg5 Ke1 58. Re5+ Kf1 59.
Rg5 f2 60. Kc2 Ke2 0-1

[Event "25th Czech Open A 2014"]
[Site "Pardubice CZE"]
[Date "2014.07.26"]
[Round "9.77"]
[White "Mueller, Ralf1"]
[Black "Bibik, Jura"]
[Result "1/2-1/2"]
[WhiteTitle "FM"]
[BlackTitle "IM"]
[WhiteElo "2392"]
[BlackElo "2228"]
[WhiteFideId "4606612"]
[BlackFideId "4113071"]
[EventDate "2014.07.18"]

1. Nf3 d5 2. d4 Nf6 3. c4 e6 4. g3 Be7 5. Bg2 O-O 6. O-O c6 7. Qc2 b6 8. Nc3 Bb7
9. Rd1 Nbd7 10. cxd5 cxd5 11. Bf4 a6 12. Ne5 b5 13. e4 Rc8 14. Nxd7 Qxd7 15. e5
Nh5 16. Qd2 Nf6 17. Qc2 b4 1/2-1/2

[Event "25th Czech Open A 2014"]
[Site "Pardubice CZE"]
[Date "2014.07.26"]
[Round "9.78"]
[White "Novotny, Michal"]
[Black "Mishin, Alexei"]
[Result "0-1"]
[WhiteTitle "FM"]
[WhiteElo "2354"]
[BlackElo "2228"]
[WhiteFideId "310980"]
[BlackFideId "4157940"]
[EventDate "2014.07.18"]

1. e4 c5 2. Nf3 g6 3. Bc4 Bg7 4. O-O Nc6 5. Re1 e6 6. c3 Nge7 7. Bf1 d5 8. e5 d4
9. d3 h6 10. Nbd2 Qc7 11. Nc4 g5 12. Re4 Ng6 13. cxd4 Nxd4 14. Nxd4 cxd4 15. Qe1
O-O 16. Bd2 b5 17. Nd6 Bd7 18. Ba5 Qb8 19. Rc1 a6 20. Rc7 Ra7 21. Rxa7 Qxa7 22.
Re2 Qc5 23. Bb4 Qd5 24. Ne4 Rc8 25. Nf6+ Bxf6 26. exf6 e5 27. b3 Bf5 28. Qd1 Rc6
29. g3 Bg4 30. Bg2 Bf3 31. Bxf3 Qxf3 32. Be7 Rc3 33. Rd2 Qc6 34. Qh5 a5 35. f3
Kh7 36. h4 gxh4 37. gxh4 Rxd3 38. Rxd3 Qc1+ 39. Kf2 Qc2+ 40. Kg3 Qxd3 41. Bf8
Qe3 0-1

[Event "25th Czech Open A 2014"]
[Site "Pardubice CZE"]
[Date "2014.07.26"]
[Round "9.79"]
[White "Dauth, Benjamin"]
[Black "Gergel, Vladimir P"]
[Result "1-0"]
[WhiteTitle "FM"]
[BlackTitle "FM"]
[WhiteElo "2349"]
[BlackElo "2227"]
[WhiteFideId "4688104"]
[BlackFideId "14100550"]
[EventDate "2014.07.18"]

1. e4 c5 2. c3 d5 3. exd5 Qxd5 4. d4 Nf6 5. Nf3 e6 6. Na3 Nc6 7. Nb5 Qd8 8. dxc5
Bxc5 9. Qxd8+ Kxd8 10. Bf4 Bd7 11. b4 Be7 12. Ng5 Rf8 13. Nd6 Bxd6 14. Bxd6 Ne7
15. Bd3 h6 16. Ne4 Ne8 17. Bf4 g5 18. Bd2 Nd5 19. h4 Nf4 20. Bf1 Bc6 21. hxg5
hxg5 22. Nxg5 Nxg2+ 23. Bxg2 Bxg2 24. Rh7 Bd5 25. Nxf7+ Kc7 26. Bf4+ Kb6 27.
Be3+ Ka6 28. Bd4 Rg8 29. Kd2 Rc8 30. a4 Rc7 31. a5 Bc4 32. Rah1 Bd5 33. R1h4 b6
34. axb6 axb6 35. Ne5 Rxh7 36. Rxh7 Nd6 37. Nd7 Nc4+ 38. Ke2 Rg1 39. Nf6 Bc6 40.
Re7 Rb1 41. Rxe6 Rb2+ 42. Kd3 Kb5 43. Ne4 Bd5 44. Nd6+ Nxd6 45. Rxd6 1-0

[Event "25th Czech Open A 2014"]
[Site "Pardubice CZE"]
[Date "2014.07.26"]
[Round "9.80"]
[White "Vavra, Pavel1"]
[Black "Linusson, Pelle"]
[Result "1/2-1/2"]
[WhiteTitle "IM"]
[WhiteElo "2342"]
[BlackElo "2221"]
[WhiteFideId "301841"]
[BlackFideId "1709062"]
[EventDate "2014.07.18"]

1. d4 Nf6 2. Bg5 d5 3. Bxf6 exf6 4. e3 Be6 5. g3 c6 6. Ne2 Bd6 7. Bg2 O-O 8. O-O
Nd7 9. b3 f5 10. Qd3 Nf6 11. c4 Ne4 12. Nbc3 Qd7 13. c5 Bc7 14. b4 h5 15. a4 h4
16. Rfb1 a6 17. Nc1 Qe7 18. N3e2 g6 19. b5 axb5 20. axb5 Kg7 21. bxc6 bxc6 22.
Ra6 Bd7 23. Rba1 Rxa6 24. Rxa6 Re8 25. Ra7 Bc8 26. Nb3 Nxf2 27. Kxf2 Bxg3+ 28.
hxg3 hxg3+ 29. Nxg3 1/2-1/2

[Event "25th Czech Open A 2014"]
[Site "Pardubice CZE"]
[Date "2014.07.26"]
[Round "9.81"]
[White "Gheng, Josef"]
[Black "Balint, Vilmos"]
[Result "1-0"]
[WhiteTitle "FM"]
[WhiteElo "2336"]
[BlackElo "2220"]
[WhiteFideId "4618041"]
[BlackFideId "718050"]
[EventDate "2014.07.18"]

1. e4 e5 2. Nf3 Nc6 3. Bb5 a6 4. Bxc6 dxc6 5. O-O f6 6. d4 exd4 7. Nxd4 c5 8.
Nb3 Qxd1 9. Rxd1 Bd7 10. Nc3 O-O-O 11. Be3 b6 12. a4 c4 13. Nd4 Ne7 14. Bf4 Ng6
15. Bg3 Bg4 16. f3 Bc5 17. Bf2 Bd7 18. Nde2 Bxf2+ 19. Kxf2 f5 20. Rd4 fxe4 21.
Rxe4 Bf5 22. Rxc4 Ne5 23. Rf4 Bxc2 24. Kg3 Rd2 25. Rd4 Rd8 26. Rxd8+ Kxd8 27.
Nf4 Kd7 28. h4 g6 29. b4 Rd4 30. b5 a5 31. Ra2 Bf5 32. Re2 Kd6 33. Re3 Nd3 34.
Nce2 Rxa4 35. Nxd3 Ra3 36. Nec1 Bd7 37. Re4 Bxb5 38. Rd4+ Ke7 39. Nf4 c5 40.
Nd5+ Kd6 41. Nc3+ cxd4 42. Nxb5+ Kc5 43. Nxa3 Kb4 44. Nb1 Kc4 45. Kf4 a4 46. Ke4
b5 47. Na3+ Kb4 48. Nxb5 Kxb5 49. Kxd4 1-0

[Event "25th Czech Open A 2014"]
[Site "Pardubice CZE"]
[Date "2014.07.26"]
[Round "9.82"]
[White "Monin, Nikolay"]
[Black "Jacko, Vladimir2"]
[Result "1-0"]
[WhiteTitle "IM"]
[BlackTitle "FM"]
[WhiteElo "2217"]
[BlackElo "2296"]
[WhiteFideId "4104013"]
[BlackFideId "14915928"]
[EventDate "2014.07.18"]

1. d4 Nf6 2. Nf3 g6 3. c4 Bg7 4. Nc3 O-O 5. e4 d6 6. Be2 e5 7. dxe5 dxe5 8. Qxd8
Rxd8 9. Bg5 Re8 10. O-O-O Na6 11. Ne1 Be6 12. f3 c6 13. Nc2 Nd7 14. Rd2 f6 15.
Be3 Bf8 16. Rhd1 Nb6 17. b3 Nc5 18. Kb2 a5 19. Ne1 Be7 20. g3 Nbd7 21. Bf1 Nb8
22. h4 Nba6 23. Be2 a4 24. Nc2 Nc7 25. b4 a3+ 26. Nxa3 Na4+ 27. Nxa4 Rxa4 28.
Nc2 b5 29. Bb6 Rc8 30. a3 bxc4 31. Bxc7 Rxc7 32. Kc3 c5 33. b5 Rb7 34. Rb1 Kg7
35. Rdd1 f5 36. b6 f4 37. g4 Bxh4 38. Rd6 Bf7 39. Rf1 Be7 40. Rc6 Bd8 41. Rb1 h6
42. Rxc5 Rxb6 43. Rxb6 Bxb6 44. Rxe5 Ba5+ 45. Kb2 h5 46. gxh5 gxh5 47. Bf1 Bd2
48. Rg5+ Kh6 49. Rf5 Bg8 50. Rf8 Kg7 51. Rf5 Bf7 52. Rg5+ Kf6 53. Rc5 c3+ 54.
Kb1 Ra7 55. e5+ Ke7 56. Bd3 h4 57. Bf5 h3 58. Bxh3 Rb7+ 59. Nb4 Bg6+ 60. Ka2
Bf7+ 61. Ka1 Be3 62. Rxc3 Kf8 63. Rd3 Rc7 64. e6 Be8 65. Nd5 Rc1+ 66. Ka2 Re1
67. Bf5 Bb5 68. Rc3 Ba4 69. Rc8+ Kg7 70. Nc3 1-0

[Event "25th Czech Open A 2014"]
[Site "Pardubice CZE"]
[Date "2014.07.26"]
[Round "9.83"]
[White "Lomakin, Viktor"]
[Black "Bystrov, Sergej M."]
[Result "1/2-1/2"]
[BlackTitle "IM"]
[WhiteElo "2216"]
[BlackElo "2280"]
[WhiteFideId "14101920"]
[BlackFideId "4118561"]
[EventDate "2014.07.18"]

1. d4 d5 2. c4 dxc4 3. e3 Nf6 4. Bxc4 e6 5. Qe2 a6 6. Nf3 c5 7. dxc5 Bxc5 8. O-O
Nc6 9. a3 O-O 10. b4 Ba7 11. Bb2 b5 12. Bd3 Bb7 13. Nc3 Qe7 14. Ne4 Nxe4 15.
Bxe4 f5 16. Bc2 e5 17. Bb3+ Kh8 18. h4 Qe8 19. Rad1 Rd8 20. Rxd8 Qxd8 21. Rd1
Qe7 22. Ng5 Rf6 23. Rd2 g6 24. Qd1 Bc8 25. Nf3 Bb8 26. Bd5 Kg7 27. Qa1 Kh6 28.
Bxc6 Rxc6 29. Nxe5 Re6 30. f4 Bxe5 31. Bxe5 Qxh4 32. Qf1 Bb7 33. Qf2 Qxf2+ 34.
Kxf2 Be4 35. Kg3 g5 36. fxg5+ Kxg5 37. Bf4+ Kg6 38. Rd7 Bc6 39. Ra7 Be4 40. Kf2
Rc6 41. g3 Bd5 42. Ke2 Be4 43. Be5 Rc2+ 44. Kd1 Rc6 45. Rg7+ Kh6 46. Rg8 Rg6 47.
Bf4+ Kh5 48. Rc8 Kg4 49. Kd2 Kf3 50. Kc3 Rc6+ 51. Rxc6 Bxc6 52. Kd4 Be4 53. Kc5
Ke2 54. Kb6 Kd3 55. Kxa6 Kc4 56. a4 Kxb4 57. axb5 1/2-1/2

[Event "25th Czech Open A 2014"]
[Site "Pardubice CZE"]
[Date "2014.07.26"]
[Round "9.84"]
[White "Lomasov, Semen"]
[Black "Jurasek, Miroslav"]
[Result "1-0"]
[WhiteElo "2182"]
[BlackElo "2266"]
[WhiteFideId "24164879"]
[BlackFideId "305618"]
[EventDate "2014.07.18"]

1. e4 c5 2. Nc3 g6 3. Nf3 Bg7 4. d4 cxd4 5. Nxd4 Nc6 6. Be3 Nf6 7. Bc4 O-O 8.
Bb3 a5 9. f3 d5 10. Bxd5 Nxd5 11. exd5 Nb4 12. Nde2 e6 13. O-O Nxd5 14. Nxd5
exd5 15. Bd4 Bh6 16. Nc3 Bf5 17. Qe2 Re8 18. Qf2 Qd7 19. Qh4 Bg7 20. Bxg7 Kxg7
21. Qd4+ f6 22. Nxd5 Re5 23. c4 Be6 24. Rae1 Rxe1 25. Qxf6+ Kg8 26. Rxe1 Re8 27.
Qe5 1-0

[Event "25th Czech Open A 2014"]
[Site "Pardubice CZE"]
[Date "2014.07.26"]
[Round "9.87"]
[White "Le Ruyet, Leopold"]
[Black "Heimrath, Reiner"]
[Result "1-0"]
[BlackTitle "FM"]
[WhiteElo "2259"]
[BlackElo "2187"]
[WhiteFideId "645923"]
[BlackFideId "4618866"]
[EventDate "2014.07.18"]

1. e4 e5 2. Nf3 Nc6 3. Be2 Nf6 4. d3 d5 5. Nbd2 Be7 6. O-O O-O 7. c3 Re8 8. b4
a6 9. a3 Bf8 10. Re1 g6 11. Qc2 Bg7 12. Rb1 h6 13. a4 b6 14. c4 dxe4 15. dxe4
Nd4 16. Nxd4 exd4 17. c5 Nxe4 18. Nxe4 f5 19. Nd6 cxd6 20. c6 Kh7 21. Bb2 Ra7
22. Rbd1 Rae7 23. Bxd4 Bxd4 24. Rxd4 d5 25. Rd2 Qd6 26. b5 f4 27. Rf1 axb5 28.
axb5 Qb4 29. Bd3 Qd6 30. Qd1 d4 31. Be2 Qc5 32. Bd3 Qg5 33. f3 h5 34. Be4 h4 35.
Rxd4 h3 36. Qc2 Rxe4 37. fxe4 hxg2 38. Qxg2 Qc5 39. Qf2 Qg5+ 40. Kh1 Rf8 41. Rd5
Qe7 42. Qf3 Be6 43. Rd2 Kh6 44. Rg2 Qc5 45. Rfg1 Rf6 46. Rg5 Qd4 47. h4 Bf7 48.
Kh2 Qc4 49. Rd1 Re6 50. e5 Kg7 51. Rd6 Re8 52. Qd3 Qa2+ 53. Rg2 Qa8 54. Rdxg6+
Kf8 55. Qd6+ Re7 56. Rh6 Bg8 57. Rh8 1-0

[Event "25th Czech Open A 2014"]
[Site "Pardubice CZE"]
[Date "2014.07.26"]
[Round "9.88"]
[White "Chlost, Marlena"]
[Black "Kratochvil, Josef"]
[Result "1/2-1/2"]
[WhiteTitle "WFM"]
[BlackTitle "FM"]
[WhiteElo "2142"]
[BlackElo "2257"]
[WhiteFideId "1122657"]
[BlackFideId "328626"]
[EventDate "2014.07.18"]

1. e4 c5 2. Nf3 e6 3. d4 cxd4 4. Nxd4 a6 5. Nc3 b5 6. Bd3 Bb7 7. O-O Qb6 8. Nf3
d6 9. Re1 Nd7 10. Be3 Qc7 11. a4 b4 12. Na2 Ngf6 13. Bf4 Nc5 14. e5 Nxd3 15.
Qxd3 Nd5 16. Bg3 dxe5 17. Nxe5 Bd6 18. c4 bxc3 19. Nxc3 O-O 20. Ne4 Bxe5 21. Ng5
g6 22. Bxe5 Qe7 23. Ne4 Rad8 24. Qg3 f5 25. Nc3 Nxc3 26. Bxc3 f4 27. Qg4 Rf5 28.
Qe2 f3 29. Qxe6+ Qxe6 30. Rxe6 fxg2 31. Re7 Rf7 32. Rae1 Rxe7 1/2-1/2

[Event "25th Czech Open A 2014"]
[Site "Pardubice CZE"]
[Date "2014.07.26"]
[Round "9.89"]
[White "Pfretzschner, Roland"]
[Black "Chernyshova, Natalia"]
[Result "1-0"]
[WhiteTitle "FM"]
[WhiteElo "2256"]
[BlackElo "2129"]
[WhiteFideId "4612086"]
[BlackFideId "24143219"]
[EventDate "2014.07.18"]

1. e4 c6 2. Nf3 d5 3. Nc3 g6 4. d4 Bg7 5. Be3 Nf6 6. e5 Ng4 7. Bf4 h5 8. Bd3 Nh6
9. Qd2 Bf5 10. O-O-O Bxd3 11. Qxd3 e6 12. h3 Nd7 13. Kb1 a6 14. Rdg1 c5 15. g4
c4 16. Qe2 Ng8 17. Nxd5 exd5 18. e6 Qe7 19. exd7+ Kxd7 20. Qd2 hxg4 21. Qa5 Kc6
22. Re1 b6 23. Rxe7 bxa5 24. Rxf7 Bf6 25. Re1 Be7 26. Ne5+ Kb5 27. Nxg6 Rxh3 28.
Nxe7 Re8 29. Bg3 Rxe7 30. Rfxe7 Nxe7 31. a4+ 1-0

[Event "25th Czech Open A 2014"]
[Site "Pardubice CZE"]
[Date "2014.07.26"]
[Round "9.90"]
[White "Cuhra, Martin"]
[Black "Hahn, Florian"]
[Result "1/2-1/2"]
[WhiteElo "2251"]
[BlackElo "2109"]
[WhiteFideId "327735"]
[BlackFideId "24659720"]
[EventDate "2014.07.18"]

1. e4 c5 2. Nf3 e6 3. d4 cxd4 4. Nxd4 Nc6 5. Nc3 Qc7 6. g3 a6 7. Bg2 Nf6 8. O-O
Nxd4 9. Qxd4 Bc5 10. Qd3 d6 11. Na4 Nd7 12. Nxc5 Nxc5 13. Qd2 O-O 14. b3 b5 15.
Bb2 Bb7 16. Qe3 Rac8 17. Rac1 Rfd8 18. c4 Qa5 19. a3 b4 20. a4 Qc7 21. Rfe1 Qb8
22. f3 a5 23. h4 e5 24. Kh2 Qc7 25. Rcd1 Rb8 26. Rd2 f6 27. Bh3 Bc8 28. Red1
Bxh3 29. Kxh3 Rbc8 30. Kh2 Qc6 31. Rd5 Rd7 32. Rb1 Qc7 33. Bc1 Ne6 34. Qf2 Kf7
35. Be3 Nc5 36. Qc2 Ke7 37. Rbd1 Rcd8 38. R1d2 Qc6 39. Qd1 Qc7 40. Qc2 Ke8 41.
Kg2 Ke7 42. Qd1 Qc6 43. g4 Qc7 44. g5 Ke8 45. Kh2 Ke7 46. Rg2 Kf7 47. gxf6 g6
48. Rgd2 Ne6 49. Qg1 Nc5 50. Rb2 Rc8 51. Bxc5 dxc5 52. Rbd2 Rcd8 53. Qg4 Rxd5
54. exd5 Rd6 55. Kg2 Rxf6 56. Rd3 Qe7 57. Qg5 e4 58. Re3 exf3+ 59. Kf2 Qd6 60.
Qe5 Qxe5 61. Rxe5 Rf4 62. h5 Rd4 63. hxg6+ hxg6 64. Kxf3 Kf6 65. Re4 Rd3+ 66.
Re3 Rc3 67. Ke2 g5 68. Re8 Rh3 69. Re3 Rh2+ 70. Ke1 g4 71. Re6+ Kf5 72. Re8 g3
73. Rg8 Kf4 74. d6 Rh7 75. Rf8+ Ke3 76. Kf1 Rd7 77. Rf6 Kd4 78. Kg2 Ke5 79. Rf3
Rxd6 80. Rxg3 Kd4 81. Kf2 Ke5 1/2-1/2

[Event "25th Czech Open A 2014"]
[Site "Pardubice CZE"]
[Date "2014.07.26"]
[Round "9.91"]
[White "Paszewski, Mateusz"]
[Black "Varitski, Igor"]
[Result "1-0"]
[BlackTitle "IM"]
[WhiteElo "2100"]
[BlackElo "2241"]
[WhiteFideId "1141058"]
[BlackFideId "14102862"]
[EventDate "2014.07.18"]

1. e4 c6 2. d4 d5 3. Nc3 dxe4 4. Nxe4 Bf5 5. Ng3 Bg6 6. h4 h6 7. Nf3 Nd7 8. h5
Bh7 9. Bd3 Bxd3 10. Qxd3 e6 11. Bd2 Ngf6 12. O-O-O Be7 13. Kb1 Qb6 14. Rhe1 Rd8
15. c4 O-O 16. Ne4 Nxe4 17. Qxe4 Nf6 18. Qe2 Bb4 19. Bxb4 Qxb4 20. Ne5 c5 21.
dxc5 Qxc5 22. g4 Qc7 23. f3 Nd7 24. Nxd7 Rxd7 25. Rxd7 Qxd7 26. Rd1 Qc7 27. Qd3
Qf4 28. Qe4 Qxe4+ 29. fxe4 Rc8 30. b3 Rc7 31. Rd8+ Kh7 32. Kb2 g6 33. Kc3 Kg7
34. e5 b5 35. Kd4 bxc4 36. bxc4 f6 37. exf6+ Kxf6 38. hxg6 Kxg6 39. c5 Kg5 40.
Rg8+ Kf4 41. Rg6 e5+ 42. Kd5 Rd7+ 43. Rd6 Re7 44. Rxh6 e4 45. Kd6 Re8 46. c6 e3
47. c7 e2 48. Rh1 Kxg4 49. Kd7 Rh8 50. Rc1 1-0

[Event "25th Czech Open A 2014"]
[Site "Pardubice CZE"]
[Date "2014.07.26"]
[Round "9.92"]
[White "Pon, Matt"]
[Black "Szotkowski, Jakub"]
[Result "1/2-1/2"]
[WhiteTitle "FM"]
[WhiteElo "2041"]
[BlackElo "2240"]
[WhiteFideId "14301644"]
[BlackFideId "330590"]
[EventDate "2014.07.18"]

1. c4 Nf6 2. Nc3 c5 3. g3 g6 4. Bg2 Bg7 5. Nf3 O-O 6. O-O Nc6 7. d3 a6 8. a3 Rb8
9. Rb1 b5 10. cxb5 axb5 11. b4 cxb4 12. axb4 d5 13. Bf4 Rb6 14. Ne5 Nxe5 15.
Bxe5 d4 16. Bxf6 exf6 17. Ne4 Bb7 18. Qc2 f5 19. Nc5 Bxg2 20. Kxg2 h5 21. Qb3 h4
22. Ra1 Qe7 23. Ra2 hxg3 24. hxg3 f4 25. Qd5 Rf6 26. g4 Rd6 27. Qf3 f5 28. Rg1
fxg4 29. Qxg4 Qf7 30. Ne4 Rc6 31. Ra5 Qd5 1/2-1/2